000 00242nam a2200097Ia 4500
001 643077
005 20250826153539.0
008 250824s9999 xx 000 0 und d
245 0 _aPERCY JACKSON 5 SON OLİMPOSLU
_cRICK RIORDAN
260 _bDOĞAN
999 _c643077
_d643077